| 000 | 00445nam a2200157 i 4500 | ||
|---|---|---|---|
| 001 | 60842 | ||
| 003 | ES-MaACL | ||
| 005 | 20230906164321.0 | ||
| 007 | t| | ||
| 008 | 031107s1931 ag ||||1| spa d | ||
| 100 | 1 |
_aEstrella Gutiérrez, Fermín. _948252 |
|
| 245 | 1 | 3 |
_aLa niña de la rosa / _cFermín Estrella Gutiérrez. |
| 260 |
_aBuenos Aires : _b[s.n., _c1931] ( _fMercatali) |
||
| 300 |
_aXXX p. ; _c20 cm. |
||
| 852 |
_aES-MaACL _j1780-F-19 |
||
| 999 |
_c60842 _d60842 |
||